عرض عادي
عرض مارك
- Forro, Terene.
مدخل إسم شخص
عدد التسجيلات المستخدمة في: 19
001 - رقم الضبط
- حقل الضبط: 36370
003 - معرف رقم الضبط
- حقل الضبط: OSt
005 - تاريخ ووقت أخر عملية
- حقل الضبط: 20130804121951.0
008 - عناصر بيانات ثابتة الطول
- حقل تحكم ثابت الطول: 130804|||a|||||| | ||| d
040 ## - مصدر الفهرسة
- هيئة الفهرسة الأصلية: OSt
- وكالة الكتابة: OSt
100 ## - مدخل -- أسم شخص
- إسم شخص: Forro, Terene.
670 ## - بيانات المصدر موجوده
- الاستشهاد بالمصدر: Work cat.: (OSt): Forro, Terene., Recent Advances in Nutritional Biochemistry and Metabolism /, 2013
